| 000 | 01497pam a2200349 a 4500 | ||
|---|---|---|---|
| 999 |
_c478517 _d478517 |
||
| 001 | 1199425 | ||
| 003 | NUST | ||
| 005 | 20180601072320.0 | ||
| 008 | 980722s1999 nyua b 001 0 eng | ||
| 010 | _a 98035325 | ||
| 020 | _a0471110981 (cloth : alk. paper) | ||
| 038 | _aSNS Library | ||
| 040 |
_aDLC _cDLC _dDLC |
||
| 050 | 0 | 0 |
_aQD96.F56 _bS48 1999 |
| 082 | 0 | 0 |
_a543.08584 _221 |
| 100 | 1 |
_aSharma, Ashutosh. _910744 |
|
| 245 | 1 | 0 |
_aIntroduction to fluorescence spectroscopy _cAshutosh Sharma and Stephen G. Schulman. |
| 246 | 3 | 0 | _aFluorescence spectroscopy |
| 260 |
_aNew York : _bWiley, _cc1999. |
||
| 300 |
_axiv, 173 p. : _bill. ; _c24 cm. |
||
| 440 | 0 |
_aTechniques in analytical chemistry series _910745 |
|
| 500 | _a"A Wiley-Interscience publication." | ||
| 504 | _aIncludes bibliographical references and index. | ||
| 650 | 0 |
_aFluorescence spectrometry. _910746 |
|
| 700 | 1 |
_aSchulman, Stephen G. _q(Stephen Gregory), _d1940- _910747 |
|
| 856 | 4 | 2 |
_3Contributor biographical information _uhttp://www.loc.gov/catdir/bios/wiley041/98035325.html |
| 856 | 4 | 2 |
_3Publisher description _uhttp://www.loc.gov/catdir/description/wiley032/98035325.html |
| 856 | 4 |
_3Table of Contents _uhttp://www.loc.gov/catdir/toc/onix03/98035325.html |
|
| 906 |
_a7 _bcbu _corignew _d1 _eocip _f19 _gy-gencatlg |
||
| 942 |
_2ddc _cBK |
||